Hajdu-Bihar megye települései - Statistics

General Stats
  • This quiz has been taken 52 times
  • The average score is 30 of 82
Answer Stats
Válaszok % Correct
Debrecen
100%
Hajdúböszörmény
89%
Hajdúszoboszló
83%
Hajdúhadház
78%
Hajdúnánás
78%
Hajdúsámson
78%
Püspökladány
72%
Berettyóújfalu
67%
Hortobágy
67%
Kaba
61%
Létavértes
61%
Téglás
61%
Bagamér
56%
Derecske
56%
Balmazújváros
50%
Hajdúdorog
50%
Nádudvar
50%
Nyíradony
50%
Vámospércs
50%
Biharkeresztes
44%
Ebes
44%
Hosszúpályi
44%
Mikepércs
44%
Monostorpályi
44%
Nyírmártonfalva
44%
Polgár
44%
Álmosd
39%
Ártánd
39%
Nyíracsád
39%
Zsáka
39%
Biharnagybajom
33%
Bocskaikert
33%
Csökmő
33%
Földes
33%
Görbeháza
33%
Hajdúbagos
33%
Hencida
33%
Komádi
33%
Konyár
33%
Sáránd
33%
Újiráz
33%
Újléta
33%
Báránd
28%
Darvas
28%
Egyek
28%
Fülöp
28%
Furta
28%
Hajdúszovát
28%
Kokad
28%
Újtikos
28%
Váncsod
28%
Bedő
22%
Berekböszörmény
22%
Bihartorda
22%
Bojt
22%
Gáborján
22%
Körösszakál
22%
Körösszegapáti
22%
Magyarhomorog
22%
Mezőpeterd
22%
Mezősas
22%
Nagyhegyes
22%
Nagykereki
22%
Nagyrábé
22%
Pocsaj
22%
Sáp
22%
Szerep
22%
Tépe
22%
Tiszacsege
22%
Tiszagyulaháza
22%
Told
22%
Bihardancsháza
17%
Esztár
17%
Kismarja
17%
Nyírábrány
17%
Szentpéterszeg
17%
Tetétlen
17%
Újszentmargita
17%
Bakonszeg
11%
Folyás
11%
Vekerd
11%
Sárrétudvari
6%
No matching quizzes found
Score Distribution
Percent of People with Each Score
Percentile by Number Answered
Your Score History
You have not taken this quiz